[Event "Asian Schools-ch 14th U17"]
[Site "Waskaduwa"]
[Date "2018.08.09"]
[Round "2.4"]
[White "Deegoda, SR."]
[Black "Abdullayev, Ayat"]
[Result "1-0"]
[WhiteElo "1788"]
[BlackElo "1497"]
[PlyCount "79"]
[EventDate "2018.08.09"]
[EventType "swiss"]
[EventRounds "9"]
[EventCountry "SRI"]
[SourceTitle "EXT 2024"]
[Source "ChessBase"]
[SourceDate "2023.10.10"]
[SourceVersion "1"]
[SourceVersionDate "2023.10.10"]
[SourceQuality "1"]

1. Nf3 Nf6 2. g3 g6 3. Bg2 Bg7 4. 0-0 0-0 5. d3 d6 6. c3 e5 7. b4 Nbd7 8. Bb2 Qe7 9. Nbd2 d5 10. e4 dxe4 11. dxe4 a5 12. a3 b6 13. Qe2 Ba6 14. b5 Bb7 15. a4 Rfd8 16. Ba3 Qe8 17. Ne1 Nc5 18. Bxc5 bxc5 19. Nb3 Qe7 20. Nc2 Nd7 21. Rfd1 Bf8 22. Ne3 Nb6 23. Rxd8 Qxd8 24. Nc4 Nxc4 25. Qxc4 Qe7 26. Rd1 Bc8 27. Qd5 Ra7 28. c4 Qd6 29. Bf1 Be6 30. Qd2 Qxd2 31. Rxd2 Bd6 32. b6 Rb7 33. bxc7 Bxc7 34. Nxc5 Rb4 35. Na6 Rb7 36. Nxc7 Rxc7 37. Rb2 Rc5 38. Rb5 Rxb5 39. cxb5 Bc8 40. Bc4 1-0

[Event "Wch U14"]
[Site "Durban"]
[Date "2014.09.25"]
[Round "7"]
[White "Pinto, Daniel"]
[Black "Deegoda, SR."]
[Result "1-0"]
[WhiteElo "1993"]
[BlackElo "1662"]
[PlyCount "71"]
[EventDate "2014.09.20"]
[EventType "swiss"]
[EventRounds "11"]
[EventCountry "RSA"]
[SourceTitle "CBM 162 Extra"]
[Source "ChessBase"]
[SourceDate "2014.10.17"]
[SourceVersion "1"]
[SourceVersionDate "2014.10.17"]
[SourceQuality "1"]

1. e4 e5 2. Nf3 Nc6 3. Bb5 a6 4. Bxc6 dxc6 5. 0-0 Bd6 6. h3 Ne7 7. Re1 0-0 8. c3 Ng6 9. d4 h6 10. Nbd2 Be6 11. Nf1 c5 12. dxe5 Nxe5 13. Nxe5 Bxe5 14. Qh5 Bd6 15. e5 Be7 16. Bxh6 gxh6 17. Rad1 Qe8 18. Qxh6 Bf5 19. Ne3 Bg6 20. Nd5 Qd8 21. Nf6+ Bxf6 22. Rxd8 Rfxd8 23. e6 Re8 24. f4 Be7 25. f5 Bxf5 26. exf7+ Kxf7 27. Rf1 Rf8 28. Rxf5+ Ke8 29. Rxf8+ Bxf8 30. Qe6+ Be7 31. h4 Rd8 32. h5 Rd6 33. Qc8+ Kf7 34. Qxb7 Rd1+ 35. Kf2 Bd6 36. Qf3+ 1-0

[Event "Wch U14"]
[Site "Durban"]
[Date "2014.09.22"]
[Round "4"]
[White "O'Sullivan, Thomas"]
[Black "Deegoda, SR."]
[Result "0-1"]
[WhiteElo "2069"]
[BlackElo "1662"]
[PlyCount "57"]
[EventDate "2014.09.20"]
[EventType "swiss"]
[EventRounds "11"]
[EventCountry "RSA"]
[SourceTitle "CBM 162 Extra"]
[Source "ChessBase"]
[SourceDate "2014.10.17"]
[SourceVersion "1"]
[SourceVersionDate "2014.10.17"]
[SourceQuality "1"]

1. d4 d5 2. c4 e6 3. Nf3 Nf6 4. Nc3 c6 5. e3 Nbd7 6. Qc2 Bd6 7. g4 Nxg4 8. Rg1 Nh6 9. Rxg7 Nf5 10. Rg2 Nh4 11. Nxh4 Qxh4 12. e4 dxe4 13. Bg5 Qh5 14. Nxe4 Bb4+ 15. Bd2 Be7 16. Be2 Qh3 17. Rg3 Qxh2 18. 0-0-0 Nf6 19. Bf3 Nxe4 20. Bxe4 Bd6 21. Rg2 Qh5 22. Rg5 Qh2 23. Rh1 Qxf2 24. Kb1 Qf6 25. Rgg1 Bd7 26. Bg5 Qxd4 27. Rf1 Be7 28. Bd2 e5 29. Rxf7 0-1

[Event "Wch U14"]
[Site "Durban"]
[Date "2014.09.21"]
[Round "2"]
[White "Deegoda, SR."]
[Black "Baterdene, Tsogbayar"]
[Result "0-1"]
[WhiteElo "1662"]
[BlackElo "2015"]
[PlyCount "43"]
[EventDate "2014.09.20"]
[EventType "swiss"]
[EventRounds "11"]
[EventCountry "RSA"]
[SourceTitle "CBM 162 Extra"]
[Source "ChessBase"]
[SourceDate "2014.10.17"]
[SourceVersion "1"]
[SourceVersionDate "2014.10.17"]
[SourceQuality "1"]

1. Nf3 d5 2. d4 Nf6 3. c4 c6 4. g3 g6 5. Bg2 Bg7 6. 0-0 0-0 7. Nc3 Nbd7 8. Nd2 e6 9. e4 dxe4 10. Ndxe4 Nxe4 11. Nxe4 Nb6 12. c5 Nd5 13. Nd6 b6 14. Qa4 Qc7 15. Rd1 Bd7 16. Ne4 f5 17. Nd6 Rab8 18. Qc2 bxc5 19. dxc5 Bc8 20. Qe2 Kh8 21. Re1 e5 22. a3 0-1